000 00505nam a2200193 a 4500
001 1772883571165
003 YourLibrary
005 20260307171106.0
008 260307s1993##################000#0#eng##
020 _a9780521447027
082 0 4 _a326.0966
_bLOV
100 1 _aLovejoy, Paul E.,
_eauthor.
245 1 0 _aSlow Death for Slavery :
260 _bCambridge University Press,
_c1993.
300 _a412 pages
650 0 _aHistory.
942 _cENGLISH
040 _aYourLibrary
_beng
_cYourLibrary
999 _c617160
_d617160